Látogatás Kárpátalján

Podrobná bibliografia
Hlavný autor: Benedek, András S., 1947-2009 (Autor)
Médium: Kniha
Jazyk:maďarčina
Fyzický popis:32, 16 s. ilustrácie 21 cm
Vydavateľské údaje: [S.l.] Eötvös Károly Megyei Könyvtár 1992
Predmet:

MARC

LEADER 00000cam a2200000 a 4500
001 vtls001176806
003 SK-MaSNL
005 20260301154225.0
008 240226s1992 hu o grn 000 0 hun
015 |a ZS1995/0000148 
020 |q (brožované) 
035 |a SNK000119803 
035 |a A9DE7823-B06B-4CFD-AF06-97CB3CECFB0F 
035 |a urn:nbn:sk:snk-am00iefq 
040 |a SNK  |b slo  |c SNK  |e AACR2 
041 0 |a hun 
044 |a hu  |c HU 
072 7 |a 323  |x Vnútropolitický vývoj, politický život  |2 konspekt 
080 |a 323.1:316.356.4  |2 2011 
080 |a (437.7)  |2 2011 
080 |a (036)  |2 2011 
100 1 |a Benedek, András S.,  |d 1947-2009  |4 aut  |9 516827 
245 1 0 |a Látogatás Kárpátalján  |c S. Benedek András 
260 |a [S.l.]  |b Eötvös Károly Megyei Könyvtár  |c 1992 
300 |a 32, 16 s.  |b ilustrácie  |c 21 cm 
500 |a Bez titulnej strany 
504 |a Obsahuje bibliografické odkazy 
650 0 7 |a národy  |2 SNKPH  |9 4720 
650 0 7 |a Nations  |2 SNKPHgeo  |9 286524 
651 7 |a Podkarpatská Rus  |2 SNKPHgeo  |9 56369 
651 7 |a Carpathian Ruthenia  |2 SNKPHeng  |9 265307 
655 7 |a sprievodcovia (publikácie)  |2 SNKPH  |9 219172 
655 7 |a Guidebooks  |2 SNKPHeng  |9 268010 
852 |a Slovenská národná knižnica 
954 |a iná literatúra (príručky, kuchárske knihy, hobby literatúra, sprievodcovia) cudzojazyčná (svetová)  |2 lita 
958 |a EUIPO 
958 |a OND 
958 |a NB 
958 |a HU 
999 |c 796060  |d 797990 
952 |a SNK  |b SNK  |y PREZ  |7 0  |p 17A1013657  |o snkSC 88166  |i snkV 847/95  |8 2  |0 0  |1 0  |4 0  |d 2013-05-30  |f 1  |l 0  |r 2026-02-24 01:52:17  |w 2026-02-24 
952 |a SNK  |b SNK  |y VYP  |7 0  |p 17A0022520  |o snkSC 88166 D1  |0 0  |1 0  |4 0  |d 1996-11-30  |l 0  |r 2005-01-01 00:00:00  |w 2026-02-24